00765cam a2200229 i 450000100060000000300080000600500170001400800400003103500190007104000270009004100080011708200200012524500940014526000650023930000540030450400390035860000300039765000150042765100300044270000300047270000330050233631BD-RjUL20211209052033.0140510s1975 ii cf b 011 0bengs a(BD-RjUL)33722 aDLCcDLCdBD-RjULbeng aeng00a301.2bCUL 197500aCulture and society :ba festschrift to Dr. A. Aiyappan /cedited by Balakrishna N. Nair. aDelhi :bThomson Press (India), Publication Division,c1975. axii, 328 p., [1] leaf of plates :bill. ;c24 cm. aIncludes bibliographies and index.10aAiyappan, A.,d1905-1988. 0aEthnology. 0aIndiaxSocial conditions.1 aAiyappan, A.,d1905-1988.1 aNair, Balakrishna N.,d1924-